[Event "Toronto"]
[Site "Toronto CAN"]
[Date "1977.??.??"]
[Round "?"]
[White "Day, Lawrence"]
[Black "Nickoloff, Bryon"]
[Result "1/2-1/2"]
[WhiteElo "2388"]
[BlackElo "2250"]
[PlyCount "43"]
[EventDate "1977.??.??"]
[EventCountry "CAN"]

1. Nf3 Nf6 2. c4 e6 3. g3 d5 4. Bg2 Be7 5. O-O O-O 6. d4 dxc4 7. Ne5 c5 8. dxc5
Qa5 9. Nxc4 Qxc5 10. Nba3 Nc6 11. Qa4 Qh5 12. Nb6 axb6 13. Qxa8 Nd4 14. Qa4 e5
15. Re1 Rd8 16. f3 e4 17. g4 Qd5 18. Be3 exf3 19. Qxd4 Bc5 20. Qf4 fxg2 21.
Bxc5 Qxc5+ 22. Qf2 1/2-1/2

[Event "Christmas op"]
[Site "Toronto CAN"]
[Date "1976.12.??"]
[Round "4"]
[White "Nickoloff, Bryon"]
[Black "Pajak, John"]
[Result "1-0"]
[WhiteElo "2311"]
[BlackElo "1833"]
[PlyCount "41"]
[EventDate "1976.12.28"]
[EventType "swiss"]
[EventRounds "5"]
[EventCountry "CAN"]

1. e4 e5 2. Nf3 Nc6 3. Bb5 f5 4. d4 fxe4 5. Nxe5 Nf6 6. O-O a6 7. Ba4 Be7 8. c4
O-O 9. Nc3 Bd6 10. f4 exf3 11. Nxf3 b6 12. Bg5 Qe8 13. Qc1 Qh5 14. Bf4 Bxf4 15.
Qxf4 Nd5 16. Qxf8+ Kxf8 17. Nxd5 Kg8 18. Ne5 Bb7 19. Bxc6 Bxc6 20. Ne7+ Kh8 21.
Nf7+ 1-0

[Event "Christmas op"]
[Site "Toronto CAN"]
[Date "1976.12.28"]
[Round "6"]
[White "Nickoloff, Bryon"]
[Black "Hill, John W"]
[Result "1-0"]
[WhiteElo "2311"]
[BlackElo "1630"]
[PlyCount "53"]
[EventDate "1976.12.28"]
[EventType "swiss"]
[EventRounds "5"]
[EventCountry "CAN"]

1. e4 e5 2. f4 exf4 3. Nf3 d6 4. d4 g5 5. h4 g4 6. Ng1 Be7 7. Bxf4 Bxh4+ 8. g3
Bg5 9. Ne2 h5 10. Qd2 Bf6 11. Bg2 Nc6 12. Nbc3 Nge7 13. O-O-O Ng6 14. Nd5 Bg7
15. Be3 Be6 16. Ndf4 Bc4 17. Nxh5 Bf8 18. Nc3 f6 19. Qf2 Be7 20. e5 Rxh5 21.
Rxh5 fxe5 22. Be4 Nf8 23. d5 Nb8 24. Rh8 c6 25. b3 Ba6 26. Kb2 Kd7 27. Bh6 1-0

[Event "Toronto CC ch"]
[Site "Toronto CAN"]
[Date "1976.??.??"]
[Round "?"]
[White "Rohland, Michael"]
[Black "Nickoloff, Bryon"]
[Result "0-1"]
[WhiteElo "1875"]
[BlackElo "2311"]
[PlyCount "44"]
[EventDate "1976.??.??"]
[EventCountry "CAN"]

1. e4 c5 2. Nf3 d6 3. d4 cxd4 4. Nxd4 Nf6 5. Nc3 g6 6. Be3 Bg7 7. Bc4 O-O 8. f3
Nc6 9. Qd2 Bd7 10. O-O-O Qb8 11. h4 Rc8 12. Bb3 a5 13. a4 Nxd4 14. Bxd4 b5 15.
h5 bxa4 16. Bd5 e5 17. Be3 Qb4 18. Bxa8 a3 19. b3 Rxc3 20. Bg5 Qxb3 21. Rde1 a2
22. Kd1 Bb5 0-1

[Event "Labour Day op"]
[Site "Toronto CAN"]
[Date "1975.09.??"]
[Round "6"]
[White "Day, Lawrence"]
[Black "Nickoloff, Bryon"]
[Result "1-0"]
[WhiteElo "2393"]
[BlackElo "2231"]
[PlyCount "27"]
[EventDate "1975.09.05"]
[EventType "swiss"]
[EventRounds "6"]
[EventCountry "CAN"]

1. e4 e5 2. Nf3 Nc6 3. Bb5 Nf6 4. O-O Nxe4 5. d4 Nd6 6. Bxc6 dxc6 7. dxe5 Nf5
8. Qxd8+ Kxd8 9. Nc3 h6 10. Ne2 g5 11. b3 c5 12. Bb2 Be6 13. Rad1+ Kc8 14. h3
1-0

[Event "Toronto Closed"]
[Site "Toronto CAN"]
[Date "1975.??.??"]
[Round "?"]
[White "Nurmi, Peter"]
[Black "Nickoloff, Bryon"]
[Result "1-0"]
[WhiteElo "2176"]
[BlackElo "2200"]
[PlyCount "95"]
[EventDate "1975.??.??"]
[EventType "tourn"]
[EventRounds "11"]
[EventCountry "CAN"]

1. e4 e5 2. Nf3 Nc6 3. Bb5 a6 4. Ba4 Nf6 5. O-O Be7 6. Re1 b5 7. Bb3 d6 8. c3
O-O 9. h3 Nb8 10. d4 Nbd7 11. Nbd2 Bb7 12. Bc2 Re8 13. b4 Bf8 14. a4 Qb8 15.
Rb1 Nb6 16. a5 Nbd7 17. Bb2 c5 18. bxc5 dxc5 19. dxe5 Nxe5 20. c4 Nfd7 21. cxb5
axb5 22. Bxe5 Nxe5 23. Rxb5 Qc7 24. Nxe5 Rxe5 25. Qa1 Ba6 26. Rb6 c4 27. Nf3
Rb5 28. Rb1 Rxb1+ 29. Qxb1 Bc5 30. e5 Bxb6 31. Bxh7+ Kf8 32. axb6 Qc5 33. Be4
Rb8 34. b7 c3 35. Ng5 Rxb7 36. Qd1 Qb6 37. Bxb7 Bxb7 38. Qd7 Bd5 39. Qxd5 Qc7
40. Qa8+ Ke7 41. Qa3+ Ke8 42. Qa4+ Ke7 43. Qc2 Qxe5 44. Ne4 f5 45. Nxc3 Qe1+
46. Kh2 Qe5+ 47. g3 g5 48. Qe2 1-0

[Event "Toronto"]
[Site "Toronto CAN"]
[Date "1974.??.??"]
[Round "?"]
[White "Bergeron, Florian"]
[Black "Nickoloff, Bryon"]
[Result "0-1"]
[WhiteElo "1895"]
[BlackElo "2095"]
[PlyCount "81"]
[EventDate "1974.??.??"]
[EventCountry "CAN"]

1. e4 c5 2. Nf3 Nc6 3. d4 cxd4 4. Nxd4 Nf6 5. Nc3 d6 6. Be2 a6 7. Be3 e6 8. f4
Qc7 9. O-O Be7 10. f5 Bd7 11. fxe6 fxe6 12. Bf3 Ne5 13. Kh1 O-O 14. Qe1 Rf7 15.
Be2 Raf8 16. Nf3 Nfg4 17. Bg1 Bf6 18. Rd1 Nxf3 19. Rxf3 Ne5 20. Rf1 Nc4 21.
Bxc4 Qxc4 22. Qe2 Qb4 23. Rb1 Bc6 24. a3 Qa5 25. Rf3 Qh5 26. Re1 Be5 27. Rxf7
Qxf7 28. Nd1 Qf4 29. Nf2 Qh4 30. c3 Bg3 31. Rf1 Rf6 32. Nh3 Rxf1 33. Qxf1 Qxh3
34. gxh3 Bxe4+ 35. Qg2 Bxg2+ 36. Kxg2 Bf4 37. Bb6 Bc1 38. Bc7 d5 39. b3 Bxa3
40. Kf3 Bb2 41. c4 0-1

[Event "Toronto-Tch"]
[Site "Toronto CAN"]
[Date "1974.??.??"]
[Round "?"]
[White "Day, Lawrence"]
[Black "Nickoloff, Bryon"]
[Result "1-0"]
[WhiteElo "2336"]
[BlackElo "2136"]
[PlyCount "59"]
[EventDate "1974.??.??"]
[EventType "team"]
[EventCountry "CAN"]

1. d4 d5 2. c4 e6 3. Nc3 Nf6 4. Bg5 Be7 5. e3 O-O 6. Nf3 Nbd7 7. cxd5 exd5 8.
Bd3 c6 9. Qc2 Re8 10. O-O Nf8 11. Rae1 Ne4 12. Bxe7 Qxe7 13. Bxe4 dxe4 14. Nd2
f5 15. f3 exf3 16. Nxf3 Ng6 17. e4 Nh4 18. Nxh4 Qxh4 19. Qb3+ Kh8 20. Qf7 Be6
21. Qxb7 Bc4 22. Rf2 fxe4 23. Rxe4 Qh6 24. h3 Qd6 25. Rff4 Bd3 26. Re5 g5 27.
Rg4 Rab8 28. Qxa7 Qf6 29. Rexg5 Qd6 30. Qg7# 1-0

[Event "Labour Day op"]
[Site "Toronto CAN"]
[Date "1994.09.03"]
[Round "1"]
[White "Nickoloff, Bryon"]
[Black "Veltmann, Martin"]
[Result "1-0"]
[WhiteElo "2470"]
[BlackElo "2183"]
[PlyCount "71"]
[EventDate "1994.09.03"]
[EventType "swiss"]
[EventRounds "5"]
[EventCountry "CAN"]

1. d4 Nf6 2. c4 e6 3. Nf3 b6 4. g3 Bb7 5. Bg2 Bb4+ 6. Bd2 Qe7 7. O-O O-O 8. Bg5
h6 9. Bxf6 Qxf6 10. Qc2 Bxf3 11. Bxf3 Nc6 12. Bxc6 dxc6 13. Rd1 Be7 14. Nc3
Rfd8 15. Qe4 c5 16. d5 e5 17. Rd3 Bd6 18. Qg2 Rf8 19. g4 e4 20. Qxe4 Rae8 21.
Qf3 Qh4 22. Qh3 Qxh3 23. Rxh3 Be5 24. Re1 f5 25. gxf5 Rxf5 26. b3 Rg5+ 27. Kf1
Bd4 28. Nb5 Be5 29. Nxa7 Ra8 30. Nc6 Rxa2 31. Nxe5 Rxe5 32. e4 Re8 33. e5 Kh7
34. Rf3 Re7 35. e6 Kg6 36. Re4 1-0

[Event "Labour Day op"]
[Site "Toronto CAN"]
[Date "1987.09.05"]
[Round "2"]
[White "Nickoloff, Bryon"]
[Black "Veltmann, Martin"]
[Result "1-0"]
[WhiteElo "2430"]
[BlackElo "2113"]
[PlyCount "57"]
[EventDate "1987.09.05"]
[EventType "swiss"]
[EventRounds "5"]
[EventCountry "CAN"]

1. d4 Nf6 2. c4 e6 3. Nc3 Bb4 4. Nf3 O-O 5. Bg5 h6 6. Bh4 c5 7. e3 Bxc3+ 8.
bxc3 d6 9. Bd3 Nbd7 10. O-O b6 11. Bg3 Qe7 12. dxc5 dxc5 13. Bd6 Qd8 14. Bxf8
Qxf8 15. Qe2 Bb7 16. a4 a5 17. Rfd1 g5 18. Nd2 Qg7 19. Bc2 g4 20. Qd3 h5 21.
Qd6 Qf8 22. Qf4 e5 23. Qf5 Re8 24. Be4 Bc8 25. Bc6 Re6 26. Bd5 Re7 27. Ne4 Nxe4
28. Bxe4 Qh6 29. Rd6 1-0

[Event "Belleville Fall op"]
[Site "Belleville CAN"]
[Date "1983.11.05"]
[Round "1"]
[White "Nickoloff, Bryon"]
[Black "Veltmann, Martin"]
[Result "1-0"]
[WhiteElo "2364"]
[BlackElo "1986"]
[PlyCount "36"]
[EventDate "1983.11.04"]
[EventType "swiss"]
[EventRounds "5"]
[EventCountry "CAN"]

1. d4 Nf6 2. c4 g6 3. Nc3 Bg7 4. e4 d6 5. Nf3 O-O 6. Be2 e5 7. Be3 Re8 8. d5
Rf8 9. Nd2 a5 10. c5 Ne8 11. cxd6 cxd6 12. O-O f5 13. f3 f4 14. Bf2 g5 15. Rc1
Rf7 16. Nc4 Nd7 17. Nb5 Bf8 18. Qc2 Rg7 1-0